| 000 | 00359 a2200157 4500 | ||
|---|---|---|---|
| 001 | 24584 | ||
| 020 | _a9788508154593 | ||
| 040 | _cAnchieta - São Paulo/Itaigara | ||
| 100 | _aTelles, Lygia Fagundes | ||
| 240 | 1 | 0 |
_aHistórias de amor _lpor |
| 245 | 1 | 0 | _aHistórias de amor |
| 300 | _a152 | ||
| 362 | 0 | _a2012 | |
| 650 | 4 | _aLiteratura juvenil | |
| 942 | _cBK | ||
| 999 |
_c24584 _d24584 |
||